Большая двадцатка - Statistics

General Stats
  • This quiz has been taken 631 times
  • The average score is 16 of 19
Answer Stats
Страна % Correct
Россия
98%
США
98%
Китай
96%
Канада
95%
Германия
93%
Франция
93%
Бразилия
89%
Япония
89%
Великобритания
86%
Индия
85%
Италия
85%
Австралия
83%
Аргентина
81%
Мексика
73%
ЮАР
71%
Южная Корея
70%
Турция
67%
Индонезия
64%
Саудовская Аравия
60%
No matching quizzes found
Score Distribution
Percent of People with Each Score
Percentile by Number Answered
Your Score History
You have not taken this quiz